Największe wyspy na Karaibach - Statystyki

Ogólne statystyki
  • Ten quiz został rozwiązany 4 449 razy
  • Średni wynik to 6 z 20
Odpowiedzi na mapie
Odpowiedzi zakodowano w zielono-czerwonej skali na mapie do tego quizu, zgodnie z poniższymi procentami.
 
Statystyki odpowiedzi
km2 Wyspa % Poprawnych
105 806 Kuba
99%
76 479 Haiti
93%
11 188 Jamajka
90%
750 Dominika
75%
4 827 Trynidad
72%
616 Saint Lucia
58%
8 896 Portoryko
49%
1 128 Martynika
25%
848 Gwadelupa
20%
1 020 Margarita
5%
1 543 Inagua
4%
1 373 Wielka Bahama
4%
647 Cozumel
3%
743 Gonâve
3%
587 Grande-Terre
3%
2 237 Isla de la Juventud
3%
1 144 Wielkie Abaco
3%
3 439 Andros Północne
2%
1 447 Andros Południowe
2%
777 Cayo Romano
2%
Nie znaleziono quizów pasujących do podanych kryteriów
Rozkład punktacji
Procent ludzi z każdym wynikiem
Percentyl według liczby udzielonych odpowiedzi
Twoja historia wyników
Nie rozwiązałeś tego quizu